| 000 | 00817 a2200277 4500 | ||
|---|---|---|---|
| 001 | 63955 | ||
| 999 |
_c63955 _d34846 |
||
| 003 | TR-AnTOB | ||
| 005 | 20200506160232.0 | ||
| 008 | 160701s2004 enka b 000 0 c | ||
| 010 | _aa 16000325 | ||
| 040 |
_aWilliams College. Libr./ICU _cICU _dDLC |
||
| 041 | _aeng | ||
| 050 |
_aQA165 _b.M166 2004 |
||
| 090 | _aQA165 .M166 2004 | ||
| 100 |
_aMacMahon, Percy Alexander, _d1854-1929 _936975 |
||
| 245 | 0 |
_aCombinatory analysis / _cby Major Percy A. MacMahon. |
|
| 264 | 1 |
_aNew York: _bDover Publications, _c2004. |
|
| 300 |
_av. _bdiagrs. _c22cm. |
||
| 504 | _aBibliography: v.1, p. ix-x; v.2, p. viii-ix. | ||
| 650 |
_aKombinatoryal analiz _921079 |
||
| 650 |
_aCombinatorial analysis _92012 |
||
| 901 | _a0021945 | ||
| 902 | _abs | ||
| 906 |
_a7 _bcbc _corignew _du _encip _f19 _gy-gencatlg |
||
| 942 | _cBK | ||